Ponts sur la loire Nantes Metropole - Statistiques

Statistiques générales
  • Ce quiz a été pris 64 fois
  • Le résultat moyen est 6 sur 18
Statistiques - réponses
Réponse % Correct
de Cheviré
83%
Anne de Bretagne
70%
Eric Tabarly
58%
de Bellevue
53%
de Pirmil
51%
des Trois Continents
42%
de Thouaré
36%
de Mauves
32%
Léopold Sédar Senghor
28%
Willy Brandt
26%
Georges Clemenceau
23%
Haudaudine
23%
Victor Schoelcher
21%
de la Vendée
19%
de Pornic
11%
Aristide Briand
9%
Général Audibert
9%
Résal
9%
Aucun quiz correspondant
Distribution des résultats
% des personnes avec chaque résultat
Percentile par nombre de réponses
Votre historique - résultats
Vous n’avez pas pris ce quiz